Astrotheology: A Constructive Proposal: with Jennifer Wiseman and Paul Arveson, “Scientists and Religious Communities: Investigating Perceptions, Building Understanding”; Niels Henrik Gregersen, “Prospects for the Field of Science and Religion: An Octopus View”; Philip Clayton, “The Fruits of Pluralism: A Vision for the Next Seven Years in Religion/Science”; and Ted Peters, “Astrotheology: A Constructive Proposal”
As we envision constructive undertakings in the field of religion and science for the next decade, the emerging agenda of astrotheology is opening up a new theater for enquiry. Astrotheology provides a critical theological response to the field of astrobiology while critically assessing exciting new...
| Main Author: | |
|---|---|
| Format: | Electronic Article |
| Language: | English |
| Check availability: | HBZ Gateway |
| Interlibrary Loan: | Interlibrary Loan for the Fachinformationsdienste (Specialized Information Services in Germany) |
| Published: |
2014
|
| In: |
Zygon
Year: 2014, Volume: 49, Issue: 2, Pages: 443-457 |
| Further subjects: | B
Incarnation
B astroethics B Astrobiology B Extraterrestrial Life B Evolution B Astrotheology |
| Online Access: |
Volltext (lizenzpflichtig) Volltext (lizenzpflichtig) |
MARC
| LEADER | 00000naa a22000002c 4500 | ||
|---|---|---|---|
| 001 | 1827964871 | ||
| 003 | DE-627 | ||
| 005 | 20221220235156.0 | ||
| 007 | cr uuu---uuuuu | ||
| 008 | 221220s2014 xx |||||o 00| ||eng c | ||
| 024 | 7 | |a 10.1111/zygo.12094 |2 doi | |
| 035 | |a (DE-627)1827964871 | ||
| 035 | |a (DE-599)KXP1827964871 | ||
| 040 | |a DE-627 |b ger |c DE-627 |e rda | ||
| 041 | |a eng | ||
| 084 | |a 0 |2 ssgn | ||
| 100 | 1 | |e VerfasserIn |0 (DE-588)132090724 |0 (DE-627)517889080 |0 (DE-576)16613368X |4 aut |a Peters, Ted |d 1941- | |
| 109 | |a Peters, Ted 1941- |a Peters, Theodore F. 1941- |a Peters, Ted F. 1941- |a Taide Bidesi 1941- | ||
| 245 | 1 | 0 | |a Astrotheology: A Constructive Proposal: with Jennifer Wiseman and Paul Arveson, “Scientists and Religious Communities: Investigating Perceptions, Building Understanding”; Niels Henrik Gregersen, “Prospects for the Field of Science and Religion: An Octopus View”; Philip Clayton, “The Fruits of Pluralism: A Vision for the Next Seven Years in Religion/Science”; and Ted Peters, “Astrotheology: A Constructive Proposal” |
| 264 | 1 | |c 2014 | |
| 336 | |a Text |b txt |2 rdacontent | ||
| 337 | |a Computermedien |b c |2 rdamedia | ||
| 338 | |a Online-Ressource |b cr |2 rdacarrier | ||
| 520 | |a As we envision constructive undertakings in the field of religion and science for the next decade, the emerging agenda of astrotheology is opening up a new theater for enquiry. Astrotheology provides a critical theological response to the field of astrobiology while critically assessing exciting new research on life in our solar system and the discovery of exoplanets. This article proposes four tasks for the astrotheologian: deliberate on (1) the scope of creation: is God's creation Earth-centric or does it include the entire cosmos? (2) the question whether a single divine incarnation on Earth suffices for the cosmos or whether multiple incarnations—one for each inhabited planet—is required; (3) whether astrobiologists and other space scientists are sticking to their science or smuggling in ideology; and (4) readying terrestrial life for contact with extraterrestrial life by enumerating issues to be taken up by astroethics. | ||
| 601 | |a Religion | ||
| 601 | |a Clayton, Philip | ||
| 650 | 4 | |a Incarnation | |
| 650 | 4 | |a Extraterrestrial Life | |
| 650 | 4 | |a Evolution | |
| 650 | 4 | |a Astrotheology | |
| 650 | 4 | |a astroethics | |
| 650 | 4 | |a Astrobiology | |
| 773 | 0 | 8 | |i Enthalten in |t Zygon |d [London] : Open Library of Humanities, 1966 |g 49(2014), 2, Seite 443-457 |h Online-Ressource |w (DE-627)300593570 |w (DE-600)1482903-4 |w (DE-576)090854799 |x 1467-9744 |7 nnas |
| 773 | 1 | 8 | |g volume:49 |g year:2014 |g number:2 |g pages:443-457 |
| 856 | 4 | 0 | |u https://doi.org/10.1111/zygo.12094 |x Resolving-System |z lizenzpflichtig |3 Volltext |7 1 |
| 856 | 4 | 0 | |u https://onlinelibrary.wiley.com/doi/abs/10.1111/zygo.12094 |x Verlag |z lizenzpflichtig |3 Volltext |7 1 |
| 935 | |a mteo | ||
| 951 | |a AR | ||
| ELC | |a 1 | ||
| ITA | |a 1 |t 1 | ||
| LOK | |0 000 xxxxxcx a22 zn 4500 | ||
| LOK | |0 001 4235369784 | ||
| LOK | |0 003 DE-627 | ||
| LOK | |0 004 1827964871 | ||
| LOK | |0 005 20221220052628 | ||
| LOK | |0 008 221220||||||||||||||||ger||||||| | ||
| LOK | |0 035 |a (DE-Tue135)IxTheo#2022-12-06#FB9A29224351BBBCC931C28B0B9BE424B815BF50 | ||
| LOK | |0 040 |a DE-Tue135 |c DE-627 |d DE-Tue135 | ||
| LOK | |0 092 |o n | ||
| LOK | |0 852 |a DE-Tue135 | ||
| LOK | |0 852 1 |9 00 | ||
| LOK | |0 935 |a ixzs |a ixrk |a zota | ||
| LOK | |0 939 |a 20-12-22 |b l01 | ||
| OAS | |a 1 |b inherited from superior work | ||
| OAS | |a 1 | ||
| ORI | |a SA-MARC-ixtheoa001.raw | ||
| REL | |a 1 | ||
| STA | 0 | 0 | |a Evolution,Evolution |
| STB | 0 | 0 | |a Évolution,Évolution |
| STC | 0 | 0 | |a Evolución |
| STD | 0 | 0 | |a Evoluzione |
| STE | 0 | 0 | |a 进化,演变 |
| STF | 0 | 0 | |a 進化,演變 |
| STG | 0 | 0 | |a Evolução |
| STH | 0 | 0 | |a Эволюция |
| STI | 0 | 0 | |a Εξέλιξη |
| SUB | |a REL | ||
| SYE | 0 | 0 | |a Abstammung |



